| 000 | 00773cab a2200241 4500 | ||
|---|---|---|---|
| 001 | WB3425-18 | ||
| 008 | 090401t1998 xxu||||| |||| 00| 0 eng d | ||
| 035 | _a(Sirsi) u87117 | ||
| 041 | _aeng | ||
| 245 | _aEconomy to avoid recession | ||
| 260 | _c1998 | ||
| 350 | _a0 | ||
| 490 |
_aFinancial Times _v29 June 1998, 6(1) |
||
| 520 | _aAccording to a report by Cambridge Econometrics, "Industry and the British Economy", the economy as a whole will avoid recession in 1999, although the manufacturing sector will continue its downturn this year. | ||
| 650 | _aCAMBRIDGE ECONOMETRICS | ||
| 650 | _aECONOMY | ||
| 650 | _aFORECAST | ||
| 650 | _aMANUFACTURING SECTOR | ||
| 650 | _aRECESSION | ||
| 690 | _aECONOMIC AND SOCIAL | ||
| 942 | _n0 | ||
| 948 | _c01/07/1998 | ||
| 999 |
_c54907 _d54907 |
||